| 000 | 01278cam a22003135i 4500 | ||
|---|---|---|---|
| 999 |
_c27864 _d27835 |
||
| 001 | 009088288 | ||
| 003 | EG-ScBUE | ||
| 005 | 20191203114736.0 | ||
| 008 | 931025r20151991enk f bd 001 0 eng d | ||
| 020 | _a9781138136861 (pbk) | ||
| 040 |
_aUk _beng _erda _cUk _dEG-ScBUE |
||
| 082 | 0 | 4 |
_a297.272 _bAYU _222 |
| 100 | 1 |
_aAyubi, Nazih N., _eauthor. |
|
| 245 | 1 | 0 |
_aPolitical Islam : _breligion and politics in the Arab world / _cNazih N. Ayubi. |
| 264 | 1 |
_aAbingdon, Oxon ; _aNew York : _bRoutledge / Taylor & Francis Group, _c2015. |
|
| 300 |
_axi, 291 pages ; _c22 cm |
||
| 336 |
_atext _btxt _2rdacontent |
||
| 337 |
_aunmediated _bn _2rdamedia |
||
| 338 |
_avolume _bnc _2rdacarrier |
||
| 500 | _aFirst published by 1991. | ||
| 500 | _aIncludes glossary. | ||
| 504 | _aIncludes bibliographical references and index. | ||
| 520 | _aTracing both the intellectual sources and the socio-economic bases of political Islam, the author argues that this is a modern phenomenon, explaining it as an attempt by the rulers to legitimize their actions. This work includes a study of Islamic movements in six countries. | ||
| 650 | 7 |
_aIslam and politics. _2BUEsh |
|
| 650 | 7 |
_aIslam and state. _2BUEsh |
|
| 653 |
_bMASPPSS _cNovember2019 |
||
| 655 | _vReading book | ||
| 942 |
_2ddc _cBB |
||